|
|
|
|
| LEADER |
01350njm a2200349 a 4500 |
| 001 |
000858534 |
| 003 |
CZ BrMZK |
| 005 |
20070814084105.0 |
| 007 |
sd fsngnnmmned |
| 008 |
070723s1997 xr pp g eng d |
| 028 |
0 |
0 |
|a AM 8001-2
|b Areca Multimedia
|
| 040 |
|
|
|a BOA001
|b cze
|
| 048 |
|
|
|a od
|b vu
|
| 072 |
|
7 |
|a 784
|x Vokální hudba
|2 Konspekt
|9 9
|
| 080 |
|
|
|a 784.4
|2 MRF
|
| 080 |
|
|
|a (086.76)
|2 MRF
|
| 100 |
0 |
|
|a Vangelis,
|d 1943-2022
|7 js20020408004
|4 cmp
|
| 245 |
1 |
4 |
|a The best of Vangelis
|h [zvukový záznam] :
|b [cover version]
|
| 260 |
|
|
|a [Praha]:
|b ARECA Multimedia,
|c p1997
|
| 300 |
|
|
|a 1 zvuková deska (55:11) :
|b digital ;
|c 12 cm +
|e 1 leták (12 x 24 cm)
|
| 306 |
|
|
|a 005511
|
| 500 |
|
|
|a Kompaktní deska
|
| 500 |
|
|
|a Kompilace
|
| 505 |
0 |
0 |
|t Bon voyage --
|t Antarctica --
|t Voices --
|t Alpha --
|t Pulstar --
|t I'll find my way home --
|t Chariots of fire --
|t Italian song --
|t Hymn --
|t Conquest of paradise --
|t West across the ocean sea --
|t To the unknown man
|
| 511 |
0 |
|
|a Nahrál Michal Šetka
|
| 650 |
0 |
7 |
|a populární písně
|7 ph124354
|y 1991-2000
|2 czenas
|
| 655 |
|
7 |
|a kompaktní desky
|7 fd201991
|2 czenas
|
| 700 |
1 |
|
|a Šetka, Michal
|7 jx20050216012
|4 itr
|
| 910 |
|
|
|a BOA001
|b CD-0014.004
|
| 990 |
|
|
|a AV
|
| 991 |
|
|
|b 200708
|
| 996 |
6 |
|
|b 261H015489
|c CD-0014.004
|l MZK
|r Sklad / do 24 hodin
|n 0
|w 000858534
|u 000010
|a 1
|e BOA001
|j MZK50
|s P
|